000 00576nam a2200181Ia 4500
008 151018s9999 xx 000 0 und d
082 _bRBASDV7378
_a891.463
100 _aदत्ता श्री टोळ
245 _aजादू संपली
250 _b1
260 _bजगताप कार्ल प्रकाशन
300 _a44
600 _aदत्ता श्री टोळ
630 _aजादू संपली
700 _aदत्ता श्री टोळ
730 _aजादू संपली
942 _cBOOK
999 _c1009746
_d1009743